2016 Music Quiz! - Statistics

General Stats
  • This quiz has been taken 1,396 times
  • The average score is 7 of 16
Answer Stats
2016 Answers % Correct
Don't You Give Up, Nah, Nah, Nah Let Me Love You
76%
Hey, I Was Doing Just Fine Before I Met You Closer
70%
You Don't Gotta Go To Work, Work, Work Work From Home
70%
I Need You, I Need You, I Need You Right Now Don't Let Me Down
69%
Nothing I Can See But You When You Dance,Dance,Dance Can't Stop The Feeling
60%
And If You Feel You're Sinking, I Will Jump Right Over Cold Water
57%
And Any Girl Like You Deserves A Gentleman Treat You Better
42%
You Don't Know the Half Of The Abuse Heathens
41%
Lightning Strikes Every Time She Moves This Is What You Came For
41%
Baby I Like Your Style One Dance
40%
These Friends Keep Talking Way Too Much Side To Side
35%
You Take My Love For Granted, I Just Don't Understand It Too Good
14%
I Torture You, Take My Hand Through The Flames Sucker For Pain
13%
Ya'll Haters Corny With That Illuminati Mess Formation
12%
In The Middle Of The Party Girl Get Off Me Broccoli
9%
Do Things When You Want Me To Controlla
5%
No matching quizzes found
Score Distribution
Percent of People with Each Score
Percentile by Number Answered
Your Score History
You have not taken this quiz